00611cam a22001937a 4500003000500000005001700005008004100022010001000063011001000073035001000083040000900093100003600102245011300138260004000251300001900291502006600310650001700376650002400393CHAP20220329141524.0971013s1986 r 00010 d a69502 a70474 a79955 cCHAP00aRíos Celis, Eduardo Martín.10aInfluencia de la poda de formación en el crecimiento del Nogal (Carya illinoensis Koch) en Delicias, Chih. aChihuahua, Chih. :bEl autor,c1986 a49 h.b: ilus. aTesis (Ing. Agrónomo) -- UACH. Departamento de Zonas Aridas14aNogalxPoda.14aPecánxChihuahua.